000 00958nam a22002417a 4500
005 20240530110628.0
008 170110s2015 ua g b 000 0 ara d
040 _aEG-CaGPL
_cEG-CaGPL
082 0 4 _221
_a306\
_bح م
100 0 _aحمدى عباس
245 1 2 _aالمدخل الى اركيولوجيا ما قبل التاريخ /
_cحمدى عباس
260 _aالاسكندرية :
_bدار المعرفة الجامعية ،
_c2015.
300 _a272 ص. ؛
_c24 سم.
504 _aيشتمل على ارجاعات ببليوجرافية
650 0 7 _2qrmak
_aالانثربولوجيا الثقافية
650 0 7 _2qrmak
_aالانسان
_xالاصل و الاثار
650 0 7 _2qrmak
_aالانسان
_xتاثير الطبيعة على
650 0 7 _2qrmak
_aالتطور الاجتماعى
650 0 7 _2qrmak
_aالبيئة و الانسان
651 _2qrmak
942 _2ddc
_cBK
999 _c63202
_d63202